000 00554nam a2200229Ia 4500
003 OSt
005 20220924152816.0
006 a|||||r|||| 00| 0
007 ta
008 220923b |||||||| |||| 00| 0 guj d
024 _a344799
037 _cTextual
040 _aARTS
_cARTS
_bguj
041 _2guj
_aguj
082 _aO156,1:g, K9
100 _aAyoob
_9227533
245 0 _aKavya manaclhuhikta
260 _c1969
650 _aGUJRATI LITERATURE
942 _hO156,1:g, K9
_cTEXL
_2CC
999 _c471096
_d471096